000 00839nam a2200241 a 4500
001 BRCA_4820
005 20190320204824.0
008 990402s1997 sp-a#####b---#000-0dspa-d
020 _a8488333218
041 _aspa
044 _asp
050 4 _aHV6250
_b.M36 1997
100 1 _aMantecón Novellán, Tomás A.
_912219
245 1 0 _aLa muerte de Antonia Isabel Sánchez
_btiranía y escándalo en una sociedad rural del norte español en el Antiguo Régimen
_cTomás A. Mantecón Novellán.
260 _aEspaña
_bCentro de Estudios Cervantinos
_c1997
300 _a187 p.
_bil.
_c24 cm.
504 _aBibliografía: p. [177]-187
600 1 4 _aSánchez, Antonia Isabel
_912220
650 1 4 _aMujeres
_xCrímenes
_zEspaña
_912221
650 1 4 _aLas víctimas de la violencia familiar
_zEspaña
_912222
902 _aCERV
942 _2lcc
_cB
999 _c4516
_d4516